<?xml version="1.0" encoding="UTF-8"?>
<record
    xmlns:xsi="http://www.w3.org/2001/XMLSchema-instance"
    xsi:schemaLocation="http://www.loc.gov/MARC21/slim http://www.loc.gov/standards/marcxml/schema/MARC21slim.xsd"
    xmlns="http://www.loc.gov/MARC21/slim">

  <leader>01924nam1a2200301 i 4500</leader>
  <controlfield tag="001">RU\NLR\BIBL_A\011963920</controlfield>
  <controlfield tag="005">20240921230856.0</controlfield>
  <datafield tag="035" ind1=" " ind2=" ">
    <subfield code="a">(NLR Aleph) 011963920</subfield>
  </datafield>
  <datafield tag="090" ind1=" " ind2=" ">
    <subfield code="a">11219504</subfield>
    <subfield code="c">11219504</subfield>
  </datafield>
  <datafield tag="100" ind1=" " ind2=" ">
    <subfield code="a">20190319g19809999m  y0rusy50      ca</subfield>
  </datafield>
  <datafield tag="101" ind1="0" ind2=" ">
    <subfield code="a">rus</subfield>
  </datafield>
  <datafield tag="102" ind1=" " ind2=" ">
    <subfield code="a">RU</subfield>
  </datafield>
  <datafield tag="105" ind1=" " ind2=" ">
    <subfield code="a">||||j   |||||</subfield>
  </datafield>
  <datafield tag="200" ind1="1" ind2=" ">
    <subfield code="a">&#x41F;&#x440;&#x43E;&#x435;&#x43A;&#x442;&#x438;&#x440;&#x43E;&#x432;&#x430;&#x43D;&#x438;&#x435; &#x443;&#x441;&#x442;&#x440;&#x43E;&#x439;&#x441;&#x442;&#x432; &#x430;&#x432;&#x442;&#x43E;&#x43C;&#x430;&#x442;&#x438;&#x43A;&#x438; &#x438; &#x442;&#x435;&#x43B;&#x435;&#x43C;&#x435;&#x445;&#x430;&#x43D;&#x438;&#x43A;&#x438;</subfield>
    <subfield code="e">&#x443;&#x447;&#x435;&#x431;&#x43D;&#x43E;&#x435; &#x43F;&#x43E;&#x441;&#x43E;&#x431;&#x438;&#x435;</subfield>
    <subfield code="f">&#x42F;&#x43A;&#x43E;&#x432;&#x43B;&#x435;&#x432; &#x411;.&#x421;., &#x41A;&#x430;&#x437;&#x430;&#x440;&#x438;&#x43D;&#x43E;&#x432; &#x41B;.&#x421;., &#x41A;&#x430;&#x437;&#x44C;&#x43C;&#x438;&#x43D; &#x41E;.&#x41D;. [&#x438; &#x434;&#x440;.]</subfield>
    <subfield code="g">&#x41C;&#x438;&#x43D;&#x438;&#x441;&#x442;&#x435;&#x440;&#x441;&#x442;&#x432;&#x43E; &#x432;&#x44B;&#x441;&#x448;&#x435;&#x433;&#x43E; &#x438; &#x441;&#x440;&#x435;&#x434;&#x43D;&#x435;&#x433;&#x43E; &#x441;&#x43F;&#x435;&#x446;&#x438;&#x430;&#x43B;&#x44C;&#x43D;&#x43E;&#x433;&#x43E; &#x43E;&#x431;&#x440;&#x430;&#x437;&#x43E;&#x432;&#x430;&#x43D;&#x438;&#x44F; &#x421;&#x421;&#x421;&#x420;, &#x427;&#x435;&#x43B;&#x44F;&#x431;&#x438;&#x43D;&#x441;&#x43A;&#x438;&#x439; &#x43F;&#x43E;&#x43B;&#x438;&#x442;&#x435;&#x445;&#x43D;&#x438;&#x447;&#x435;&#x441;&#x43A;&#x438;&#x439; &#x438;&#x43D;&#x441;&#x442;&#x438;&#x442;&#x443;&#x442; &#x438;&#x43C;&#x435;&#x43D;&#x438; &#x41B;&#x435;&#x43D;&#x438;&#x43D;&#x441;&#x43A;&#x43E;&#x433;&#x43E; &#x43A;&#x43E;&#x43C;&#x441;&#x43E;&#x43C;&#x43E;&#x43B;&#x430;, &#x41A;&#x430;&#x444;&#x435;&#x434;&#x440;&#x430; &#x430;&#x432;&#x442;&#x43E;&#x43C;&#x430;&#x442;&#x438;&#x43A;&#x438; &#x438; &#x442;&#x435;&#x43B;&#x435;&#x43C;&#x435;&#x445;&#x430;&#x43D;&#x438;&#x43A;&#x438;, &#x41A;&#x430;&#x444;&#x435;&#x434;&#x440;&#x430; &#x43F;&#x440;&#x438;&#x43A;&#x43B;&#x430;&#x434;&#x43D;&#x43E;&#x439; &#x43C;&#x430;&#x442;&#x435;&#x43C;&#x430;&#x442;&#x438;&#x43A;&#x438;</subfield>
  </datafield>
  <datafield tag="210" ind1=" " ind2=" ">
    <subfield code="a">&#x427;&#x435;&#x43B;&#x44F;&#x431;&#x438;&#x43D;&#x441;&#x43A;</subfield>
    <subfield code="c">&#x427;&#x435;&#x43B;&#x44F;&#x431;&#x438;&#x43D;&#x441;&#x43A;&#x438;&#x439; &#x43F;&#x43E;&#x43B;&#x438;&#x442;&#x435;&#x445;&#x43D;&#x438;&#x447;&#x435;&#x441;&#x43A;&#x438;&#x439; &#x438;&#x43D;&#x441;&#x442;&#x438;&#x442;&#x443;&#x442;</subfield>
    <subfield code="d">1980</subfield>
  </datafield>
  <datafield tag="215" ind1=" " ind2=" ">
    <subfield code="d">20</subfield>
  </datafield>
  <datafield tag="309" ind1=" " ind2=" ">
    <subfield code="a">&#x427;. 1 &#x432;&#x44B;&#x448;&#x43B;&#x430; &#x43D;&#x435;&#x43D;&#x443;&#x43C;&#x435;&#x440;.</subfield>
  </datafield>
  <datafield tag="606" ind1="1" ind2=" ">
    <subfield code="a">&#x410;&#x432;&#x442;&#x43E;&#x43C;&#x430;&#x442;&#x438;&#x447;&#x435;&#x441;&#x43A;&#x438;&#x435; &#x443;&#x441;&#x442;&#x440;&#x43E;&#x439;&#x441;&#x442;&#x432;&#x430;</subfield>
    <subfield code="j">&#x423;&#x447;&#x435;&#x431;&#x43D;&#x44B;&#x435; &#x438;&#x437;&#x434;&#x430;&#x43D;&#x438;&#x44F; &#x434;&#x43B;&#x44F; &#x432;&#x44B;&#x441;&#x448;&#x438;&#x445; &#x443;&#x447;&#x435;&#x431;&#x43D;&#x44B;&#x445; &#x437;&#x430;&#x432;&#x435;&#x434;&#x435;&#x43D;&#x438;&#x439;</subfield>
    <subfield code="x">&#x41F;&#x440;&#x43E;&#x435;&#x43A;&#x442;&#x438;&#x440;&#x43E;&#x432;&#x430;&#x43D;&#x438;&#x435;</subfield>
    <subfield code="9">2064362</subfield>
    <subfield code="3">RU\NLR\AUTH\661238839</subfield>
  </datafield>
  <datafield tag="606" ind1="1" ind2=" ">
    <subfield code="a">&#x422;&#x435;&#x43B;&#x435;&#x43C;&#x435;&#x445;&#x430;&#x43D;&#x438;&#x447;&#x435;&#x441;&#x43A;&#x438;&#x435; &#x443;&#x441;&#x442;&#x440;&#x43E;&#x439;&#x441;&#x442;&#x432;&#x430;</subfield>
    <subfield code="j">&#x423;&#x447;&#x435;&#x431;&#x43D;&#x44B;&#x435; &#x438;&#x437;&#x434;&#x430;&#x43D;&#x438;&#x44F; &#x434;&#x43B;&#x44F; &#x432;&#x44B;&#x441;&#x448;&#x438;&#x445; &#x443;&#x447;&#x435;&#x431;&#x43D;&#x44B;&#x445; &#x437;&#x430;&#x432;&#x435;&#x434;&#x435;&#x43D;&#x438;&#x439;</subfield>
    <subfield code="x">&#x41F;&#x440;&#x43E;&#x435;&#x43A;&#x442;&#x438;&#x440;&#x43E;&#x432;&#x430;&#x43D;&#x438;&#x435;</subfield>
    <subfield code="9">1742259</subfield>
    <subfield code="3">RU\NLR\AUTH\661075613</subfield>
  </datafield>
  <datafield tag="686" ind1="3" ind2=" ">
    <subfield code="a">&#x417;965-02&#x44F;73-1</subfield>
  </datafield>
  <datafield tag="686" ind1="3" ind2=" ">
    <subfield code="a">&#x417;968-02&#x44F;73-1</subfield>
  </datafield>
  <datafield tag="701" ind1=" " ind2="1">
    <subfield code="a">&#x42F;&#x43A;&#x43E;&#x432;&#x43B;&#x435;&#x432;</subfield>
    <subfield code="b">&#x411;. &#x421;.</subfield>
    <subfield code="f">1933-1979</subfield>
    <subfield code="g">&#x411;&#x43E;&#x440;&#x438;&#x441; &#x421;&#x435;&#x440;&#x433;&#x435;&#x435;&#x432;&#x438;&#x447;</subfield>
  </datafield>
  <datafield tag="701" ind1=" " ind2="1">
    <subfield code="a">&#x41A;&#x430;&#x437;&#x430;&#x440;&#x438;&#x43D;&#x43E;&#x432;</subfield>
    <subfield code="b">&#x41B;. &#x421;.</subfield>
    <subfield code="g">&#x41B;&#x435;&#x432; &#x421;&#x435;&#x440;&#x433;&#x435;&#x435;&#x432;&#x438;&#x447;</subfield>
  </datafield>
  <datafield tag="701" ind1=" " ind2="1">
    <subfield code="a">&#x41A;&#x430;&#x437;&#x44C;&#x43C;&#x438;&#x43D;</subfield>
    <subfield code="b">&#x41E;.&#x41D;.</subfield>
    <subfield code="g">&#x41E;&#x43B;&#x435;&#x433; &#x41D;&#x438;&#x43A;&#x43E;&#x43B;&#x430;&#x435;&#x432;&#x438;&#x447;</subfield>
  </datafield>
  <datafield tag="852" ind1=" " ind2=" ">
    <subfield code="a">NLR</subfield>
    <subfield code="j">78-4/23311</subfield>
  </datafield>
  <datafield tag="942" ind1=" " ind2=" ">
    <subfield code="c">BOOK</subfield>
  </datafield>
</record>
